Normal view MARC view

Entry Nombre geográfico

Number of records used in: 4

001 - NÚMERO DE CONTROL

  • campo de control: 12896

003 - IDENTIFICADOR DEL NÚMERO DE CONTROL

  • campo de control: FranzMayer

005 - FECHA Y HORA DE LA ÚLTIMA TRANSACCIÓN

  • campo de control: 20190320204924.0

008 - DATOS DE LONGITUD FIJA

  • campo de control de longitud fija: 190320|| aca||aabn | a|a d

040 ## - FUENTE DE LA CATALOGACIÓN

  • Centro catalogador/agencia de origen: FranzMayer
  • Centro/agencia transcriptor: FranzMayer

151 ## - ENCABEZAMIENTO--NOMBRE GEOGRÁFICO

  • Nombre geográfico: Francia
  • Subdivisión general: Descripción y viajes

670 ## - FUENTE DE DATOS ENCONTRADOS

  • Cita de la fuente: Work cat.: (FranzMayer): Briefe in die heimath geschrieben zwishen october 1829 und mai 1830 wahrend einer Reise uber Franfreich, England und die Bereinigten Staaten von Nordamerica nach Mexico., 1835